000 00950cam a22002891 4500
999 _c528047
_d528047
001 9397825
003 NUST
005 20190826113654.0
008 721117s1965 dcuab b 000 0 eng
010 _a 65017560
035 _a(OCoLC)498447
038 _aM.Ramzan
040 _aDLC
_cOClU
_dOCoLC
_dDLC
042 _apremarc
050 0 0 _aHE333
_b.T68 1965
082 _a388.312
_bBAE
245 0 0 _aTraffic engineering handbook.
_cEditor, John E. Baerwald.
250 _a3d ed.
_bPrepared under direction of the Traffic Engineering Handbook Editorial Board.
260 _aWashington,
_bInstitute of Traffic Engineers,
_c1965.
300 _a770 p.
_billus., maps.
_c23 cm.
504 _aIncludes bibliographies.
650 0 _aTraffic engineering.
_9394
700 1 _aBaerwald, John Edward,
_d1925-
_eed.
_919573
710 2 _aInstitute of Traffic Engineers.
_919574
906 _a7
_bcbc
_coclcrpl
_du
_encip
_f19
_gy-gencatlg
942 _2ddc
_cBK